[Event "2020 Australian Chess Championship"]
[Site "Sydney, Australia"]
[Date "2020.01.09"]
[Round "7.7"]
[White "Huynh, Arthur"]
[Black "Lo, Willis"]
[Result "0-1"]
[WhiteElo "2136"]
[BlackElo "2108"]

1. d4 {[%clk 01:30:58]} {[%emt 02:13:40]} Nf6 {[%clk 01:21:14]} {[%emt
00:09:41]} 2. c4 {[%clk 01:31:14]} {[%emt 00:00:14]} e6 {[%clk 01:21:38]}
{[%emt 00:00:06]} 3. g3 {[%clk 01:31:33]} {[%emt 00:00:12]} d5 {[%clk
01:21:59]} {[%emt 00:00:09]} 4. Nf3 {[%clk 01:31:41]} {[%emt 00:00:22]} dxc4
{[%clk 01:22:22]} {[%emt 00:00:08]} 5. Bg2 {[%clk 01:31:57]} {[%emt 00:00:13]}
Bb4+ {[%clk 01:22:42]} {[%emt 00:00:11]} 6. Bd2 {[%clk 01:31:41]} {[%emt
00:00:46]} a5 {[%clk 01:23:04]} {[%emt 00:00:17]} 7. a3 {[%clk 01:31:28]}
{[%emt 00:00:39]} Bxd2+ {[%clk 01:23:09]} {[%emt 00:00:20]} 8. Nbxd2 {[%clk
01:31:39]} {[%emt 00:00:19]} b5 {[%clk 01:23:28]} {[%emt 00:00:12]} 9. b3
{[%clk 01:31:43]} {[%emt 00:00:26]} cxb3 {[%clk 01:23:43]} {[%emt 00:00:14]} 10.
Qxb3 {[%clk 01:26:24]} {[%emt 00:05:50]} c6 {[%clk 01:23:54]} {[%emt 00:00:24]}
11. O-O {[%clk 01:25:27]} {[%emt 00:01:23]} O-O {[%clk 01:24:09]} {[%emt
00:00:17]} 12. Rac1 {[%clk 01:22:39]} {[%emt 00:03:15]} Ba6 {[%clk 00:59:15]}
{[%emt 00:25:25]} 13. Rfd1 {[%clk 01:19:08]} {[%emt 00:04:00]} Qd6 {[%clk
00:57:44]} {[%emt 00:02:01]} 14. e4 {[%clk 01:11:59]} {[%emt 00:07:39]} Qe7
{[%clk 00:47:40]} {[%emt 00:10:34]} 15. Ne5 {[%clk 01:10:56]} {[%emt 00:01:33]}
Rc8 {[%clk 00:47:07]} {[%emt 00:01:03]} 16. Rc2 {[%clk 01:07:46]} {[%emt
00:03:39]} Ra7 {[%clk 00:26:47]} {[%emt 00:20:50]} 17. Rdc1 {[%clk 01:04:38]}
{[%emt 00:03:38]} Rac7 {[%clk 00:26:55]} {[%emt 00:00:22]} 18. Qb2 {[%clk
01:02:00]} {[%emt 00:03:09]} c5 {[%clk 00:25:03]} {[%emt 00:02:20]} 19. Nb3
{[%clk 00:46:13]} {[%emt 00:16:18]} cxd4 {[%clk 00:21:54]} {[%emt 00:03:40]} 20.
Rxc7 {[%clk 00:45:05]} {[%emt 00:01:38]} Rxc7 {[%clk 00:22:18]} {[%emt
00:00:06]} 21. Rxc7 {[%clk 00:45:05]} {[%emt 00:00:30]} Qxc7 {[%clk 00:22:40]}
{[%emt 00:00:09]} 22. Qxd4 {[%clk 00:45:13]} {[%emt 00:00:21]} Nbd7 {[%clk
00:17:02]} {[%emt 00:06:07]} 23. Nxd7 {[%clk 00:37:23]} {[%emt 00:08:21]} Nxd7
{[%clk 00:17:27]} {[%emt 00:00:06]} 24. Bf1 {[%clk 00:36:01]} {[%emt 00:01:52]}
e5 {[%clk 00:17:13]} {[%emt 00:00:43]} 25. Qd5 {[%clk 00:35:45]} {[%emt
00:00:47]} a4 {[%clk 00:15:56]} {[%emt 00:01:47]} 26. Na5 {[%clk 00:33:35]}
{[%emt 00:02:40]} Nb6 {[%clk 00:15:47]} {[%emt 00:00:39]} 27. Qc6 {[%clk
00:31:10]} {[%emt 00:02:55]} Qxc6 {[%clk 00:15:48]} {[%emt 00:00:29]} 28. Nxc6
{[%clk 00:31:38]} {[%emt 00:00:02]} Nc4 {[%clk 00:16:07]} {[%emt 00:00:12]} 29.
Nb4 {[%clk 00:30:14]} {[%emt 00:01:53]} Bb7 {[%clk 00:15:37]} {[%emt 00:01:00]}
30. Bxc4 {[%clk 00:30:30]} {[%emt 00:00:15]} bxc4 {[%clk 00:16:00]} {[%emt
00:00:07]} 31. f3 {[%clk 00:30:43]} {[%emt 00:00:17]} f5 {[%clk 00:16:13]}
{[%emt 00:00:17]} 32. exf5 {[%clk 00:24:22]} {[%emt 00:06:51]} Bxf3 {[%clk
00:16:35]} {[%emt 00:00:08]} 33. Kf2 {[%clk 00:24:46]} {[%emt 00:00:06]} Bb7
{[%clk 00:11:12]} {[%emt 00:05:53]} 34. Ke3 {[%clk 00:24:40]} {[%emt 00:00:36]}
Kf7 {[%clk 00:11:35]} {[%emt 00:00:07]} 35. Kd2 {[%clk 00:24:53]} {[%emt
00:00:17]} Kf6 {[%clk 00:11:51]} {[%emt 00:00:13]} 36. Kc3 {[%clk 00:24:56]}
{[%emt 00:00:28]} Kxf5 {[%clk 00:12:02]} {[%emt 00:00:18]} 37. Kxc4 {[%clk
00:25:18]} {[%emt 00:00:08]} Ke4 {[%clk 00:11:11]} {[%emt 00:01:21]} 38. Kb5
{[%clk 00:25:36]} {[%emt 00:00:13]} Kf3 {[%clk 00:09:46]} {[%emt 00:01:55]} 39.
Kxa4 {[%clk 00:26:00]} {[%emt 00:00:07]} e4 {[%clk 00:10:09]} {[%emt 00:00:06]}
40. Kb5 {[%clk 00:25:45]} {[%emt 00:00:45]} e3 {[%clk 00:10:16]} {[%emt
00:00:23]} 0-1

[Event "2020 Australian Chess Championship"]
[Site "Sydney, Australia"]
[Date "2020.01.09"]
[Round "7.8"]
[White "Nakauchi, Gene"]
[Black "Plant, John Stuart"]
[Result "1/2-1/2"]
[WhiteElo "2150"]
[BlackElo "1993"]

1. e4 {[%clk 01:30:56]} {[%emt 00:00:04]} d6 {[%clk 01:30:44]} {[%emt
00:00:16]} 2. d4 {[%clk 01:31:08]} {[%emt 00:00:18]} Nf6 {[%clk 01:31:06]}
{[%emt 00:00:09]} 3. Nc3 {[%clk 01:31:09]} {[%emt 00:00:28]} e5 {[%clk
01:31:14]} {[%emt 00:00:22]} 4. Nf3 {[%clk 01:30:27]} {[%emt 00:01:12]} Nbd7
{[%clk 01:31:03]} {[%emt 00:00:41]} 5. Bc4 {[%clk 01:29:43]} {[%emt 00:01:27]}
Be7 {[%clk 01:31:10]} {[%emt 00:00:14]} 6. Qe2 {[%clk 01:27:16]} {[%emt
00:02:52]} O-O {[%clk 01:29:48]} {[%emt 00:05:06]} 7. g4 {[%clk 01:15:40]}
{[%emt 00:09:07]} exd4 {[%clk 01:27:21]} {[%emt 00:02:43]} 8. Nxd4 {[%clk
01:15:51]} {[%emt 00:00:19]} Ne5 {[%clk 01:26:53]} {[%emt 00:00:58]} 9. g5
{[%clk 01:12:49]} {[%emt 00:03:31]} Ne8 {[%clk 01:23:40]} {[%emt 00:03:43]} 10.
Rg1 {[%clk 01:11:37]} {[%emt 00:01:42]} Nxc4 {[%clk 01:19:42]} {[%emt
00:04:28]} 11. Qxc4 {[%clk 01:12:00]} {[%emt 00:00:08]} c6 {[%clk 01:12:23]}
{[%emt 00:07:49]} 12. f4 {[%clk 01:00:07]} {[%emt 00:12:23]} d5 {[%clk
01:04:01]} {[%emt 00:13:24]} 13. exd5 {[%clk 00:59:51]} Nd6 {[%clk 01:04:22]}
14. Qe2 {[%clk 00:57:00]} Nf5 {[%clk 01:01:30]} {[%emt 00:03:06]} 15. Be3
{[%clk 00:49:29]} {[%emt 00:08:01]} Re8 {[%clk 00:46:51]} {[%emt 00:15:09]} 16.
Nxf5 {[%clk 00:39:16]} {[%emt 00:10:43]} Bxf5 {[%clk 00:47:06]} {[%emt
00:00:16]} 17. O-O-O {[%clk 00:39:38]} {[%emt 00:00:09]} Bc5 {[%clk 00:44:20]}
{[%emt 00:03:15]} 18. Rg3 {[%clk 00:39:57]} {[%emt 00:00:10]} Qb6 {[%clk
00:40:29]} {[%emt 00:04:22]} 19. Re1 {[%clk 00:39:55]} {[%emt 00:00:31]} cxd5
{[%clk 00:33:37]} {[%emt 00:07:23]} 20. Nxd5 {[%clk 00:36:24]} {[%emt
00:04:00]} Qa5 {[%clk 00:29:44]} {[%emt 00:04:23]} 21. Bd2 {[%clk 00:31:33]}
{[%emt 00:05:21]} Rxe2 {[%clk 00:27:27]} {[%emt 00:02:48]} 22. Bxa5 {[%clk
00:29:20]} {[%emt 00:02:42]} Rxc2+ {[%clk 00:27:18]} {[%emt 00:01:09]} 23. Kd1
{[%clk 00:29:43]} Rxb2 {[%clk 00:23:37]} {[%emt 00:03:49]} 24. Re5 {[%clk
00:27:50]} {[%emt 00:02:22]} Bg6 {[%clk 00:18:57]} {[%emt 00:05:10]} 25. f5
{[%clk 00:11:05]} {[%emt 00:17:15]} Bh5+ {[%clk 00:19:01]} {[%emt 00:00:25]} 26.
Kc1 {[%clk 00:11:24]} {[%emt 00:00:11]} Bd6 {[%clk 00:17:15]} {[%emt 00:02:15]}
27. Rge3 {[%clk 00:02:45]} {[%emt 00:09:10]} Bxe5 {[%clk 00:16:58]} {[%emt
00:00:47]} 28. Rxe5 {[%clk 00:03:11]} {[%emt 00:00:04]} Rxa2 {[%clk 00:16:39]}
{[%emt 00:00:50]} 29. f6 {[%clk 00:01:56]} {[%emt 00:01:45]} h6 {[%clk
00:11:55]} {[%emt 00:05:14]} 30. gxh6 {[%clk 00:01:51]} {[%emt 00:00:34]} g6
{[%clk 00:12:18]} {[%emt 00:00:07]} 31. Bc3 {[%clk 00:00:53]} {[%emt 00:01:29]}
Rd8 {[%clk 00:11:46]} {[%emt 00:01:01]} 32. Bb2 {[%clk 00:01:11]} {[%emt
00:00:13]} Ra6 {[%clk 00:09:11]} {[%emt 00:03:05]} 33. Nc3 {[%clk 00:01:05]}
{[%emt 00:00:37]} Rxf6 {[%clk 00:07:05]} {[%emt 00:02:35]} 34. Ne4 {[%clk
00:01:30]} {[%emt 00:00:05]} Rf1+ {[%clk 00:04:51]} {[%emt 00:02:45]} 35. Kc2
{[%clk 00:01:56]} {[%emt 00:00:04]} Bd1+ {[%clk 00:05:03]} {[%emt 00:00:22]} 36.
Kc3 {[%clk 00:02:24]} Rf3+ {[%clk 00:05:15]} {[%emt 00:00:19]} 37. Kc4 {[%clk
00:02:49]} {[%emt 00:00:02]} Bb3+ {[%clk 00:04:52]} {[%emt 00:00:54]} 38. Kb4
{[%clk 00:02:47]} {[%emt 00:02:23]} f6 {[%clk 00:03:40]} 39. Re7 {[%clk
00:01:48]} {[%emt 00:01:19]} Kf8 {[%clk 00:01:10]} {[%emt 00:03:01]} 40. Rc7
{[%clk 00:01:22]} {[%emt 00:00:55]} a5+ {[%clk 00:00:56]} {[%emt 00:00:45]} 41.
Kxa5 {[%clk 00:01:26]} {[%emt 00:00:26]} b6+ {[%clk 00:26:10]} {[%emt
00:07:04]} 42. Kxb6 {[%clk 00:29:31]} {[%emt 00:00:37]} Bg8 {[%clk 00:24:55]}
{[%emt 00:01:44]} 43. Kc5 {[%clk 00:08:58]} {[%emt 00:21:03]} Rf5+ {[%clk
00:22:02]} {[%emt 00:03:23]} 44. Kb4 {[%clk 00:09:15]} {[%emt 00:00:13]} Rf4
{[%clk 00:21:57]} {[%emt 00:00:36]} 45. Bxf6 {[%clk 00:08:04]} {[%emt
00:01:41]} Rxe4+ {[%clk 00:21:52]} {[%emt 00:00:34]} 46. Kc3 {[%clk 00:08:24]}
{[%emt 00:00:11]} Rd6 {[%clk 00:17:51]} {[%emt 00:04:31]} 47. Bg5 {[%clk
00:07:25]} {[%emt 00:01:28]} Rdd4 {[%clk 00:08:58]} {[%emt 00:09:23]} 48. h7
{[%clk 00:06:31]} {[%emt 00:01:25]} Bxh7 {[%clk 00:08:21]} {[%emt 00:01:08]} 49.
Rxh7 {[%clk 00:06:55]} {[%emt 00:00:06]} Rg4 {[%clk 00:07:19]} {[%emt
00:01:31]} 50. Be3 {[%clk 00:02:36]} {[%emt 00:04:49]} Rh4 {[%clk 00:06:02]}
{[%emt 00:01:49]} 51. Bxd4 {[%clk 00:01:33]} {[%emt 00:01:33]} Rxh7 {[%clk
00:06:24]} {[%emt 00:00:08]} 52. Be5 {[%clk 00:01:59]} {[%emt 00:00:04]} Rd7
{[%clk 00:06:40]} {[%emt 00:00:13]} 53. Bd4 {[%clk 00:01:51]} {[%emt 00:00:37]}
Kf7 {[%clk 00:06:32]} {[%emt 00:00:38]} 54. Kd3 {[%clk 00:02:15]} {[%emt
00:00:06]} Ke6 {[%clk 00:06:51]} {[%emt 00:00:11]} 55. Ke4 {[%clk 00:02:19]}
{[%emt 00:00:26]} Rh7 {[%clk 00:07:03]} {[%emt 00:00:19]} 56. Bg1 {[%clk
00:02:36]} {[%emt 00:00:12]} Rh4+ {[%clk 00:06:44]} {[%emt 00:00:49]} 57. Kf3
{[%clk 00:02:59]} {[%emt 00:00:07]} Kf5 {[%clk 00:07:04]} {[%emt 00:00:11]} 58.
Kg3 {[%clk 00:02:37]} {[%emt 00:00:52]} Rg4+ {[%clk 00:07:19]} {[%emt
00:00:16]} 59. Kf2 {[%clk 00:02:55]} {[%emt 00:00:10]} Ke4 {[%clk 00:07:36]}
{[%emt 00:00:15]} 60. h3 {[%clk 00:02:05]} {[%emt 00:01:20]} Rg5 {[%clk
00:07:36]} {[%emt 00:00:30]} 61. Bh2 {[%clk 00:02:16]} {[%emt 00:00:19]} Rf5+
{[%clk 00:07:12]} {[%emt 00:00:55]} 62. Kg2 {[%clk 00:02:22]} {[%emt 00:00:23]}
Rf3 {[%clk 00:07:26]} {[%emt 00:00:16]} 63. Bd6 {[%clk 00:02:06]} {[%emt
00:00:46]} Rd3 {[%clk 00:07:34]} {[%emt 00:00:22]} 64. Bc7 {[%clk 00:02:24]}
{[%emt 00:00:13]} Kf5 {[%clk 00:07:37]} {[%emt 00:00:27]} 65. Bb8 {[%clk
00:02:17]} {[%emt 00:00:35]} Kg5 {[%clk 00:07:34]} {[%emt 00:00:34]} 66. Ba7
{[%clk 00:02:39]} {[%emt 00:00:08]} Kh5 {[%clk 00:07:23]} {[%emt 00:00:41]} 67.
Bc5 {[%clk 00:02:41]} {[%emt 00:00:27]} Rd2+ {[%clk 00:07:35]} {[%emt
00:00:19]} 68. Kg3 {[%clk 00:03:01]} {[%emt 00:00:09]} Rd3+ {[%clk 00:07:49]}
{[%emt 00:00:17]} 69. Kg2 {[%clk 00:03:27]} {[%emt 00:00:04]} g5 {[%clk
00:08:09]} {[%emt 00:00:09]} 70. Bb6 {[%clk 00:03:45]} {[%emt 00:00:12]} Rb3
{[%clk 00:08:02]} {[%emt 00:00:38]} 71. Bc5 {[%clk 00:03:55]} {[%emt 00:00:20]}
Kh4 {[%clk 00:07:28]} {[%emt 00:01:04]} 72. Bf2+ {[%clk 00:04:18]} {[%emt
00:00:07]} Kh5 {[%clk 00:07:54]} {[%emt 00:00:04]} 73. Bc5 {[%clk 00:04:42]}
{[%emt 00:00:05]} 1/2-1/2

[Event "2020 Australian Chess Championship"]
[Site "Sydney, Australia"]
[Date "2020.01.09"]
[Round "7.9"]
[White "McGowan, Cameron"]
[Black "Parle, Hughston"]
[Result "1-0"]
[WhiteElo "2221"]
[BlackElo "2057"]

1. e4 c5 2. Nf3 e6 3. c3 d5 4. e5 d4 5. Bd3 Nc6 6. O-O g5 7. Be4 g4 8. Bxc6+
bxc6 9. Ne1 Ba6 10. d3 c4 11. b3 Bg7 12. Qxg4 Bxe5 13. Qf3 Qc7 14. dxc4 Bb7 15.
Qh3 dxc3 16. Nxc3 Nf6 17. Bb2 {[%clk 01:30:59]} O-O-O {[%clk 01:31:00]} 18. Nf3
{[%clk 01:30:59]} Rd3 {[%clk 01:31:00]} 19. Na4 {[%clk 01:30:59]} Rxf3 {[%clk
01:31:00]} 20. Bxe5 {[%clk 01:30:59]} Rxh3 {[%clk 01:31:00]} 21. Bxc7 {[%clk
01:30:59]} Kxc7 {[%clk 01:31:00]} 22. gxh3 {[%clk 01:30:59]} Rg8+ {[%clk
01:31:00]} 23. Kh1 {[%clk 01:30:59]} c5+ {[%clk 01:31:00]} 24. f3 {[%clk
01:30:59]} Ne4 {[%clk 01:31:00]} 25. Rad1 {[%clk 01:30:59]} Ng5 {[%clk
01:31:00]} 26. Rd3 {[%clk 01:30:59]} Nxh3 {[%clk 01:31:00]} 27. Nxc5 {[%clk
01:30:59]} Bc6 {[%clk 01:31:00]} 28. Ne4 {[%clk 01:30:59]} f5 {[%clk 01:31:00]}
29. Ng3 {[%clk 01:30:59]} e5 {[%clk 01:31:00]} 30. Rc3 {[%clk 01:30:59]} e4
{[%clk 01:31:00]} 31. fxe4 {[%clk 01:30:59]} f4 {[%clk 01:31:00]} 32. Kg2
{[%clk 01:30:59]} fxg3 {[%clk 01:31:00]} 33. Kxh3 {[%clk 01:30:59]} g2 {[%clk
01:31:00]} 34. Rg1 {[%clk 01:30:59]} Bxe4 {[%clk 01:31:00]} 35. Rg3 {[%clk
01:30:59]} Rd8 {[%clk 01:31:00]} 36. R1xg2 {[%clk 01:30:59]} Bxg2+ {[%clk
01:31:00]} 37. Rxg2 {[%clk 01:30:59]} a5 {[%clk 01:31:00]} 38. Kh4 {[%clk
01:30:59]} a4 {[%clk 01:31:00]} 39. bxa4 {[%clk 01:30:59]} Rd4+ {[%clk
01:31:00]} 40. Rg4 {[%clk 01:30:59]} Rd2 {[%clk 01:31:00]} 41. h3 {[%clk
01:30:59]} Rxa2 {[%clk 01:31:00]} 42. Kh5 {[%clk 01:30:59]} Rxa4 {[%clk
01:31:00]} 43. Kh6 {[%clk 01:30:59]} Kd7 {[%clk 01:31:00]} 44. Kxh7 {[%clk
01:30:59]} Ke6 {[%clk 01:31:00]} 45. Kg6 {[%clk 01:30:59]} Ra6 {[%clk
01:31:00]} 46. Re4+ {[%clk 01:30:59]} Kd7+ {[%clk 01:31:00]} 47. Kg5 {[%clk
01:30:59]} Ra5+ {[%clk 01:31:00]} 48. Kg4 {[%clk 01:30:59]} Ra1 {[%clk
01:31:00]} 49. h4 {[%clk 01:30:59]} Rg1+ {[%clk 01:31:00]} 50. Kh5 {[%clk
01:30:59]} Kc6 {[%clk 01:31:00]} 51. Kh6 {[%clk 01:30:59]} Kb7 {[%clk
01:31:00]} 52. h5 {[%clk 01:30:59]} Rd1 {[%clk 01:31:00]} 53. Kg5 {[%clk
01:30:59]} Rd7 {[%clk 01:31:00]} 54. h6 {[%clk 01:30:59]} Rc7 {[%clk 01:31:00]}
55. Rf4 {[%clk 01:30:59]} Rc5+ {[%clk 01:31:00]} 56. Kg6 {[%clk 01:30:59]} Rc6+
{[%clk 01:31:00]} 57. Kg7 {[%clk 01:30:59]} Rc5 {[%clk 01:31:00]} 58. h7 {[%clk
01:30:59]} 1-0

[Event "2020 Australian Chess Championship"]
[Site "Sydney, Australia"]
[Date "2020.01.09"]
[Round "7.10"]
[White "Ng, Clive"]
[Black "Bayaca, Sterling"]
[Result "0-1"]
[WhiteElo "2061"]
[BlackElo "1994"]

1. e4 e5 2. Nf3 Nc6 3. d4 exd4 4. Nxd4 Nf6 5. Nxc6 bxc6 6. e5 Qe7 7. Qe2 Nd5 8.
c4 Nb6 9. Nc3 Bb7 10. h4 Qe6 11. Bg5 Bb4 12. Rh3 Ba6 13. b3 Qxh3 14. gxh3 Bxc3+
15. Kd1 Bxa1 16. h5 h6 17. Bh4 O-O 18. Qe4 Nd5 19. Qf5 Nc3+ 20. Ke1 d5 21. Bd3
Ne4 22. Bf6 Bc8 23. Qf4 Nxf6 24. exf6 Bc3+ 25. Kd1 Bxf6 26. Qxc7 Bxh3 27. Qg3
Be6 28. c5 a5 29. Bc2 Rfe8 30. f3 d4 31. Be4 Bd5 32. Bxd5 cxd5 33. Qd6 d3 34.
Kd2 Rad8 35. Qb6 Re2+ 36. Kxd3 Rde8 37. c6 R8e3+ 38. Qxe3 Rxe3+ 39. Kxe3 Be5 40.
a4 Kf8 41. b4 axb4 42. a5 Ke7 43. a6 Bb8 44. c7 Bxc7 0-1